| 000 | 00748pam a2200265 a 4500 | ||
|---|---|---|---|
| 999 |
_c10043 _d10043 |
||
| 001 | 10043 | ||
| 003 | BD-JhCC | ||
| 005 | 20180404190555.0 | ||
| 008 | 180404s1989 caua 001 0 eng | ||
| 020 | _a0534102727 | ||
| 035 | _a(BD-JhCC)10043 | ||
| 040 |
_aDLC _cDLC _dDLC _dBD-JhCC |
||
| 041 | _aeng | ||
| 050 | 0 | 0 |
_aQA303 _b.T205 1989 |
| 082 | 0 | 0 |
_a515 _219 _bTAY 1989 |
| 100 | 1 |
_aTaylor, Claudia, _d1949- |
|
| 245 | 1 | 0 |
_aCalculus with applications / _cClaudia Dunham Taylor, Lawrence Gilligan. |
| 260 |
_aPacific Grove, Calif. : _bBrooks/Cole Pub. Co., _cc1989. |
||
| 300 |
_axiv, 700 p. : _bill. ; _c25 cm. |
||
| 500 | _aIncludes index. | ||
| 650 | 0 | _aCalculus. | |
| 700 | 1 | _aGilligan, Lawrence G. | |
| 942 |
_2ddc _cREF |
||